Name a Valid Ground Type Pokemon - Statistics

General Stats
  • This quiz has been taken 19 times
  • The average score is 11 of 15
Answer Stats
Hint Answer % Correct
Used in a Gym Battle by a Ground Type Gym Leader Dugtrio, Rhyhorn, Nidoqueen, etc.
100%
Has a Mega Evolution Excadrill, Golurk, Steelix, etc.
87%
That has the word, "sand" in its name Sandshrew Line, Sandile, Palossand, etc.
87%
4x Weak to Water Geodude Line, Onix, Rhyhorn Line, etc.
80%
Pokemon that have a regional variant Sandshrew Line, Diglett Line, Geodude Line, etc.
80%
A Paradox Pokemon Sandy Shocks, Great Tusk, Iron Treads
80%
Immune to Ground Type Attacks Gligar, Vibrava, Flygon, etc.
73%
That is Legendary Groudon, Ting-Lu, Zygarde, etc.
73%
Pokemon that have Water Absorb Wooper Lines, Palpitoad, Seismitoad
73%
Pokemon with the ability Arena Trap Diglett Line, Trapinch
67%
That has an ability that activates Sand weather condition Hippopotas Line, Silicobra Line
67%
Has a Gigantamax form Sandaconda
60%
Loses its Ground Typing when it evolves Cubone, Nincada, Pupitar
53%
That have won the VGC World Championships Garchomp, Gastrodon, Landorus, etc.
53%
That has NEVER been able to learn Earthquake Nincada, Palpitoad
33%
No matching quizzes found
Score Distribution
Percent of People with Each Score
Percentile by Number Answered
Your Score History
You have not taken this quiz